Statistics for Cities by Airport Name

Click here to take the quiz!

General Stats

  • This quiz has been taken 29 times
  • The average score is 9 of 15

Answer Stats

Airport NameAnswer% Correct
HanedaTokyo
88%
(Former) AtatürkIstanbul
85%
OrlyParis
85%
SchipolAmsterdam
77%
Hartsfield JacksonAtlanta
77%
StanstedLondon
69%
Ninoy AquinoManila
69%
Don MueangBangkok
62%
HongqiaoShanghai
58%
Noi BaiHanoi
50%
(Former) Kai TakHong Kong
46%
Ministro Pistarini (Ezeiza)Buenos Aires
35%
Santos DumontRio de Janeiro
35%
Billy BishopToronto
31%
ShahjalalDhaka
19%

Score Distribution

Percentile by Number Answered

Percent of People with Each Score

Your Score History

You have not taken this quiz